| 000 | 00758nam a2200229 a 4500 | ||
|---|---|---|---|
| 001 | 3528449 | ||
| 005 | 20241130133503.0 | ||
| 008 | 961030s1997 iaua 001 0 eng | ||
| 020 | _a9780697250032 | ||
| 050 | 0 | 0 |
_aQD33 _b.C258 1997 |
| 082 | 0 | 0 |
_a540 _221 |
| 100 | 1 |
_aCaret, Robert L., _d1947- |
|
| 245 | 1 | 0 |
_aPrinciples & applications of inorganic, organic & biological chemistry / _cRobert L. Caret, Katherine J. Denniston, Joseph J. Topping. |
| 250 | _a2nd ed. | ||
| 260 |
_aDubuque, IA : _bWm. C. Brown Publishers, _cc1997. |
||
| 300 |
_axiv, 711 p. : _bill. (some col.) ; _c29 cm. |
||
| 500 | _aIncludes index. | ||
| 650 | 0 | _aChemistry. | |
| 700 | 1 |
_aDenniston, K. J. _q(Katherine J.) |
|
| 700 | 1 | _aTopping, Joseph J. | |
| 942 |
_2lcc _cBK _e2nd ed. _n0 |
||
| 999 |
_c1856 _d1856 |
||